000 00485nam a2200169Ia 4500
008 090201s9999 xx 000 0 und d
010 _aKPL-63021
040 _bमराठी
041 _aमराठी
082 _a15699
_b63021
100 _aअविनाश भट
245 _aरॅम्बो
_cअविनाश भट
260 _c2004
_bपुष्प प्रकाशन
300 _a175
_bमोठा
600 _aरॅम्बो
942 _cBOOK
999 _c215767
_d215767